[Event "Skopje op"]
[Site "Skopje"]
[Date "2023.12.07"]
[Round "2"]
[White "Skvortsov, Andrei"]
[Black "Mammadov, Zaur Fazahir Oglu"]
[Result "0-1"]
[WhiteElo "2309"]
[BlackElo "2408"]
[PlyCount "116"]
[EventDate "2023.12.06"]
[EventType "swiss"]
[EventRounds "9"]
[EventCountry "MKD"]
[SourceTitle "CB50_2023"]
[SourceDate "2023.12.13"]
[SourceVersion "1"]
[SourceVersionDate "2023.12.13"]
[SourceQuality "1"]

1. e4 c6 2. Nc3 d5 3. g3 dxe4 4. Nxe4 Nf6 5. Nxf6+ exf6 6. Nf3 Bd6 7. Qe2+ Kd7 8. d4 Re8 9. Be3 Qa5+ 10. Nd2 Qd5 11. 0-0-0 Kd8 12. Nc4 Bc7 13. Rg1 Be6 14. b3 Nd7 15. Qd2 Nb6 16. Na5 Kc8 17. c4 Qd8 18. b4 Re7 19. Qc2 Rd7 20. Bg2 Qf8 21. a3 g6 22. Rd2 Rb8 23. Be4 Kd8 24. Rgd1 Ke8 25. Qb3 Nc8 26. d5 cxd5 27. Bxd5 Ne7 28. Bxe6 Rxd2 29. Rxd2 fxe6 30. Bxa7 Ra8 31. Bc5 Qh6 32. Qf3 Rd8 33. Be3 Qxh2 34. Rxd8+ Bxd8 35. Nxb7 Bc7 36. Qxf6 Qh1+ 37. Kb2 Qxb7 38. Bc5 Bd8 39. Qxe6 Qd7 40. Qe3 Kf7 41. Qf3+ Ke8 42. Kb3 Nf5 43. g4 Nd4+ 44. Bxd4 Qxd4 45. a4 Bh4 46. a5 Bxf2 47. c5 Be3 48. Qc6+ Ke7 49. Qb7+ Kd8 50. Ka4 Qd7+ 51. Qxd7+ Kxd7 52. a6 Kc7 53. Kb5 h5 54. gxh5 gxh5 55. Kc4 h4 56. b5 h3 57. a7 Kb7 58. b6 Bxc5 0-1

[Event "TUR-chT"]
[Site "Ankara"]
[Date "2023.07.13"]
[Round "4.2"]
[White "Mammadov, Zaur Fazahir Oglu"]
[Black "Indjic, Aleksandar"]
[Result "1-0"]
[WhiteElo "2398"]
[BlackElo "2619"]
[PlyCount "107"]
[EventDate "2023.07.10"]
[EventType "team-tourn"]
[EventRounds "11"]
[EventCountry "TUR"]
[SourceTitle "EXT 2024"]
[Source "ChessBase"]
[SourceDate "2023.10.10"]
[SourceVersion "1"]
[SourceVersionDate "2023.10.10"]
[SourceQuality "1"]
[WhiteTeam "Rota Koleji Dernegi"]
[BlackTeam "Deniz Su Aquamatch"]
[WhiteTeamCountry "TUR"]
[BlackTeamCountry "TUR"]

1. e4 c5 2. c3 d5 3. exd5 Nf6 4. Qa4+ Nbd7 5. Qb3 g6 6. Nf3 Bg7 7. c4 0-0 8. Nc3 e6 9. dxe6 fxe6 10. d3 b6 11. Bg5 h6 12. Bh4 Bb7 13. 0-0-0 Bxf3 14. gxf3 Ne5 15. d4 cxd4 16. Nb5 Nc6 17. f4 g5 18. fxg5 hxg5 19. Bxg5 Qd7 20. Rg1 a6 21. Bh6 Rf7 22. Bxg7 Rxg7 23. Rxg7+ Kxg7 24. Qg3+ Kf7 25. Nd6+ Ke7 26. Qg7+ Kxd6 27. Qxf6 Rg8 28. Qf3 Qh7 29. Bg2 Qh6+ 30. Rd2 Ne5 31. Qb7 d3 32. Qxb6+ Ke7 33. Qc5+ Kf6 34. f4 Qxf4 35. Qf2 Kf5 36. b3 Rh8 37. Kb2 Kg5 38. Qxf4+ Kxf4 39. Bf1 Nf3 40. Rxd3 Rxh2+ 41. Kc3 a5 42. c5 Ng5 43. c6 Ne4+ 44. Kc4 Rf2 45. Bh3 Ke5 46. Kb5 Rxa2 47. Re3 a4 48. c7 Rc2 49. Rxe4+ Kxe4 50. Bg2+ Kd4 51. Bc6 axb3 52. c8Q b2 53. Qh8+ Ke3 54. Qh6+ 1-0

[Event "TUR-chT"]
[Site "Ankara"]
[Date "2023.07.12"]
[Round "3.6"]
[White "Skoberne, Jure"]
[Black "Mammadov, Zaur Fazahir Oglu"]
[Result "1/2-1/2"]
[WhiteElo "2536"]
[BlackElo "2398"]
[PlyCount "117"]
[EventDate "2023.07.10"]
[EventType "team-tourn"]
[EventRounds "11"]
[EventCountry "TUR"]
[SourceTitle "EXT 2024"]
[Source "ChessBase"]
[SourceDate "2023.10.10"]
[SourceVersion "1"]
[SourceVersionDate "2023.10.10"]
[SourceQuality "1"]
[WhiteTeam "Burhaniye"]
[BlackTeam "Rota Koleji Dernegi"]
[WhiteTeamCountry "TUN"]
[BlackTeamCountry "TUR"]

1. Nf3 d5 2. g3 Nf6 3. Bg2 g6 4. b3 Bg7 5. Bb2 c6 6. 0-0 0-0 7. c4 Bg4 8. d3 a5 9. Nbd2 Nbd7 10. d4 Bxf3 11. Bxf3 e6 12. a3 Re8 13. Bg2 h5 14. h3 Qe7 15. Re1 e5 16. cxd5 cxd5 17. dxe5 Nxe5 18. Rc1 Rad8 19. Bxe5 Qxe5 20. Rc5 Bh6 21. Nf3 Qd6 22. Rxa5 Ne4 23. e3 b6 24. Ra7 Qb8 25. Ra4 Nc3 26. Qd3 Nxa4 27. bxa4 Qa7 28. Rb1 Qxa4 29. Rxb6 Qc4 30. Qb1 Bg7 31. Rb4 Qe2 32. Ng5 d4 33. Bf1 Qd2 34. Ne4 dxe3 35. Nxd2 exd2 36. Qd1 Re1 37. Rb1 Rxd1 38. Rxd1 Bc3 39. Be2 Ra8 40. Rb1 Rxa3 41. Rb8+ Kg7 42. Rd8 Ra1+ 43. Kg2 Re1 44. Bf3 f5 45. h4 Kf6 46. Rd3 Rc1 47. Rd5 Bb4 48. Rd4 Rb1 49. Rd5 Rb2 50. Rb5 Bc3 51. Rxb2 Bxb2 52. Bd1 Ke5 53. Kf3 Ba3 54. Ke2 Bb4 55. Bb3 Kd4 56. Bf7 Kc3 57. Kd1 Bc5 58. Bxg6 Bxf2 59. Bxf5 1/2-1/2

[Event "TUR-chT"]
[Site "Ankara"]
[Date "2023.07.11"]
[Round "2.1"]
[White "Mammadov, Zaur Fazahir Oglu"]
[Black "Visakh, Narayanan Rajeswari"]
[Result "1/2-1/2"]
[WhiteElo "2398"]
[BlackElo "2536"]
[PlyCount "61"]
[EventDate "2023.07.10"]
[EventType "team-tourn"]
[EventRounds "11"]
[EventCountry "TUR"]
[SourceTitle "EXT 2024"]
[Source "ChessBase"]
[SourceDate "2023.10.10"]
[SourceVersion "1"]
[SourceVersionDate "2023.10.10"]
[SourceQuality "1"]
[WhiteTeam "Rota Koleji Dernegi"]
[BlackTeam "Tas Duvar"]
[WhiteTeamCountry "TUR"]
[BlackTeamCountry "TUR"]

1. e4 e5 2. Nf3 Nc6 3. Nc3 Nf6 4. d4 exd4 5. Nxd4 Bb4 6. Nxc6 bxc6 7. Bd3 d5 8. exd5 cxd5 9. 0-0 0-0 10. h3 c6 11. Qf3 Rb8 12. Bf4 Bd6 13. b3 Be6 14. Rfe1 c5 15. Rad1 Bxf4 16. Qxf4 Qa5 17. Qd2 Qb4 18. Na4 Rfc8 19. c3 Qa3 20. Bc2 Bd7 21. Nb2 c4 22. Rb1 Kh8 23. Qc1 cxb3 24. Bxb3 Bf5 25. Ra1 Ne4 26. Na4 Qxc1 27. Raxc1 Be6 28. Rcd1 Nf6 29. Re3 Rc7 30. f3 Rbc8 31. Rd4 1/2-1/2

[Event "Pula op 35th"]
[Site "Pula"]
[Date "2023.06.24"]
[Round "8"]
[White "Mammadov, Zaur Fazahir Oglu"]
[Black "Bochnicka, Vladimir1111"]
[Result "1/2-1/2"]
[WhiteElo "2380"]
[BlackElo "2327"]
[PlyCount "182"]
[EventDate "2023.06.17"]
[EventType "swiss"]
[EventRounds "9"]
[EventCountry "CRO"]
[SourceTitle "CBM 214 Extra"]
[Source "ChessBase"]
[SourceDate "2023.07.31"]
[SourceVersion "1"]
[SourceVersionDate "2023.07.31"]
[SourceQuality "1"]

1. d4 d5 2. Nf3 e6 3. e3 Nd7 4. Bd3 f5 5. c4 Nh6 6. Qb3 c6 7. Bd2 a5 8. Nc3 Bd6 9. 0-0 0-0 10. Rac1 Kh8 11. cxd5 exd5 12. Na4 Qe8 13. Rfe1 Ng4 14. h3 Nh6 15. Nb6 Nxb6 16. Qxb6 Qd8 17. Qb3 Nf7 18. Nh2 Ng5 19. f4 Ne4 20. Nf3 Nxd2 21. Nxd2 Bb4 22. Re2 Bxd2 23. Rxd2 Qe7 24. Re2 Be6 25. Rc5 Rg8 26. Qb6 a4 27. Ra5 Qd8 28. Qxd8 Rgxd8 29. Rxa8 Rxa8 30. a3 g6 31. Kf2 Kg7 32. Ke1 Kf6 33. Rc2 Bd7 34. Be2 h5 35. Bd1 Ke7 36. Kd2 Kd6 37. Kc3 b6 38. Rf2 c5 39. Bc2 Rc8 40. Kd2 Ke7 41. Bd3 Kf6 42. Rf1 Ke7 43. Be2 Rb8 44. Rg1 Rh8 45. Rb1 c4 46. Rf1 Kf6 47. Kc3 Re8 48. Rf3 Ra8 49. Bd1 Kf7 50. Kb4 Kf6 51. Rf2 Kf7 52. Bf3 Ra5 53. Kc3 Rb5 54. Bd1 Ra5 55. Rf3 Kf6 56. Rg3 Ra8 57. Rg5 Re8 58. Kd2 Rh8 59. Rg3 Ra8 60. Rf3 Ra7 61. Kc3 Ra8 62. Rf1 Re8 63. Re1 Ra8 64. Kb4 Ra5 65. Rg1 Kf7 66. Kc3 Kf6 67. Rh1 Kg7 68. Re1 Kf6 69. Rg1 Kf7 70. g4 hxg4 71. hxg4 fxg4 72. Bxg4 Bxg4 73. Rxg4 Rb5 74. Rg5 Rb3+ 75. Kc2 Rxe3 76. Rxd5 Rf3 77. Rd7+ Ke6 78. Rb7 Kd5 79. Rxb6 Rxf4 80. Rxg6 Kxd4 81. Rg8 Rf2+ 82. Kb1 Rf1+ 83. Ka2 Kd3 84. Rd8+ Kc2 85. Rd4 c3 86. Rc4 Rf3 87. Rxa4 cxb2 88. Rc4+ Rc3 89. Rxc3+ Kxc3 90. Kb1 Kb3 91. a4 Kxa4 1/2-1/2

[Event "Pula op 35th"]
[Site "Pula"]
[Date "2023.06.23"]
[Round "7"]
[White "Bratovic, Blaz"]
[Black "Mammadov, Zaur Fazahir Oglu"]
[Result "1/2-1/2"]
[WhiteElo "2326"]
[BlackElo "2380"]
[PlyCount "70"]
[EventDate "2023.06.17"]
[EventType "swiss"]
[EventRounds "9"]
[EventCountry "CRO"]
[SourceTitle "CBM 214 Extra"]
[Source "ChessBase"]
[SourceDate "2023.07.31"]
[SourceVersion "1"]
[SourceVersionDate "2023.07.31"]
[SourceQuality "1"]

1. e4 e6 2. d4 d5 3. e5 c5 4. c3 Nc6 5. Nf3 Qb6 6. Bd3 cxd4 7. 0-0 Bd7 8. Re1 Rc8 9. Nbd2 Nge7 10. h4 a6 11. h5 g6 12. Nb3 dxc3 13. bxc3 Nf5 14. Rb1 Qc7 15. Bg5 Be7 16. Bf6 Bxf6 17. exf6 Qf4 18. Nc5 b5 19. a4 Nb8 20. Nxd7 Nxd7 21. axb5 0-0 22. bxa6 Nxf6 23. hxg6 hxg6 24. Rb4 Qd6 25. Bxf5 exf5 26. a7 Ne4 27. Qd4 Ra8 28. Reb1 Rfc8 29. Rb6 Qd8 30. Rb7 Nc5 31. R7b5 Qe7 32. Ne5 Qxa7 33. Rb6 Ne6 34. Qxd5 Rd8 35. Qf3 Qa2 1/2-1/2

[Event "Pula op 35th"]
[Site "Pula"]
[Date "2023.06.19"]
[Round "3"]
[White "Mammadov, Zaur Fazahir Oglu"]
[Black "Malesevic, Nedeljko"]
[Result "1-0"]
[WhiteElo "2380"]
[BlackElo "2206"]
[PlyCount "73"]
[EventDate "2023.06.17"]
[EventType "swiss"]
[EventRounds "9"]
[EventCountry "CRO"]
[SourceTitle "CBM 214 Extra"]
[Source "ChessBase"]
[SourceDate "2023.07.31"]
[SourceVersion "1"]
[SourceVersionDate "2023.07.31"]
[SourceQuality "1"]

1. e4 c6 2. Nf3 d5 3. exd5 cxd5 4. c4 Nf6 5. cxd5 Nxd5 6. Nc3 Nc6 7. Bb5 e6 8. 0-0 a6 9. Ba4 b5 10. Bc2 Be7 11. d4 Bb7 12. Re1 Ncb4 13. Bb1 Nxc3 14. bxc3 Nd5 15. Ne5 Nf6 16. Qd3 Qd5 17. Qh3 h6 18. Bc2 Rc8 19. Bb3 Rc4 20. Nxc4 bxc4 21. Ba4+ Bc6 22. Bxc6+ Qxc6 23. Bg5 Nd5 24. Bxe7 Nxe7 25. Reb1 0-0 26. a4 Nd5 27. Qg3 Kh7 28. h4 f5 29. h5 Rf6 30. Rb8 f4 31. Qf3 Rf5 32. Re1 Qxa4 33. Rxe6 Qa1+ 34. Kh2 Qxc3 35. Qg4 Rg5 36. Rxh6+ gxh6 37. Qd7+ 1-0

[Event "Titled Tuesday intern op 18th Apr Early"]
[Site "Chess.com INT"]
[Date "2023.04.18"]
[Round "2"]
[White "Mammadov, Zaur Fazahir Oglu"]
[Black "Reprintsev, Alexander"]
[Result "1-0"]
[WhiteElo "2380"]
[BlackElo "2254"]
[PlyCount "43"]
[EventDate "2023.04.18"]
[EventType "swiss (blitz)"]
[EventRounds "11"]
[EventCountry "USA"]
[SourceTitle "EXT 2024"]
[Source "ChessBase"]
[SourceDate "2023.10.10"]
[SourceVersion "1"]
[SourceVersionDate "2023.10.10"]
[SourceQuality "1"]

1. e4 e5 2. Nf3 Nc6 3. Nc3 Bc5 4. Nxe5 Nxe5 5. d4 Bd6 6. dxe5 Bxe5 7. Bc4 Nf6 8. 0-0 0-0 9. Bg5 h6 10. Bh4 d6 11. f4 Bxc3 12. bxc3 Be6 13. Bd3 c6 14. e5 g5 15. exf6 gxh4 16. f5 Qxf6 17. fxe6 Qxe6 18. Qh5 Rae8 19. Qxh4 f5 20. Rae1 Qg6 21. Rxe8 Qxe8 22. Qxh6 1-0

[Event "Titled Tuesday intern op 11th Apr Late"]
[Site "Chess.com INT"]
[Date "2023.04.11"]
[Round "3"]
[White "Mammadov, Zaur Fazahir Oglu"]
[Black "Balog, Imre1111"]
[Result "0-1"]
[WhiteElo "2380"]
[BlackElo "2615"]
[PlyCount "114"]
[EventDate "2023.04.11"]
[EventType "swiss (blitz)"]
[EventRounds "11"]
[EventCountry "USA"]
[SourceTitle "CBM 213 Extra"]
[Source "ChessBase"]
[SourceDate "2023.05.31"]
[SourceVersion "1"]
[SourceVersionDate "2023.05.31"]
[SourceQuality "1"]

1. e4 c5 2. c3 Nf6 3. e5 Nd5 4. Nf3 Nc6 5. d4 cxd4 6. cxd4 d6 7. Bc4 Nb6 8. Bb3 dxe5 9. d5 Na5 10. Nc3 Nxb3 11. Qxb3 f6 12. 0-0 g6 13. Be3 Bg7 14. a4 0-0 15. a5 Nd7 16. Rac1 Kh8 17. Rfd1 b6 18. d6 exd6 19. Rxd6 Qe7 20. Rcd1 Nc5 21. Qa3 Nb7 22. axb6 Nxd6 23. Rxd6 axb6 24. Qxa8 Qxd6 25. Qa7 Bg4 26. h3 Bxf3 27. gxf3 Qc6 28. Kg2 b5 29. Qa3 Rb8 30. Qb4 Bf8 31. Qh4 b4 32. Ne4 Be7 33. Qg3 Qe6 34. h4 Rc8 35. h5 f5 36. Ng5 Bxg5 37. Bxg5 f4 38. Qh4 Rf8 39. Bh6 Qf6 40. Bg5 Qf5 41. Bh6 Re8 42. Bg5 gxh5 43. Kf1 Qg6 44. Be7 Qd3+ 45. Kg2 Qg6+ 46. Kf1 b3 47. Ke2 Qc2+ 48. Kf1 Qb1+ 49. Ke2 Qg6 50. Kf1 Kg8 51. Ba3 Qd3+ 52. Kg2 Qg6+ 53. Kf1 Kf7 54. Qh3 Qb1+ 55. Ke2 Qc2+ 56. Kf1 Qd1+ 57. Kg2 Rg8+ 0-1

[Event "Titled Tuesday intern op 11th Apr Late"]
[Site "Chess.com INT"]
[Date "2023.04.11"]
[Round "5"]
[White "Mammadov, Zaur Fazahir Oglu"]
[Black "Chos, Alexey"]
[Result "1-0"]
[WhiteElo "2380"]
[BlackElo "2296"]
[PlyCount "77"]
[EventDate "2023.04.11"]
[EventType "swiss (blitz)"]
[EventRounds "11"]
[EventCountry "USA"]
[SourceTitle "CBM 213 Extra"]
[Source "ChessBase"]
[SourceDate "2023.05.31"]
[SourceVersion "1"]
[SourceVersionDate "2023.05.31"]
[SourceQuality "1"]

1. e4 c6 2. c4 d5 3. cxd5 cxd5 4. exd5 Qxd5 5. Nc3 Qd8 6. d4 Nf6 7. Nf3 g6 8. Bc4 Bg7 9. 0-0 0-0 10. d5 Nbd7 11. Re1 Nb6 12. Bb3 Bg4 13. h3 Bxf3 14. Qxf3 Rc8 15. Bg5 h6 16. Bh4 Nc4 17. Qe2 Nd6 18. Qxe7 Nf5 19. Qb4 a5 20. Qf4 Nxh4 21. Qxh4 Qd6 22. Rad1 Rfd8 23. Nb5 Qb6 24. a4 g5 25. Qg3 Nh5 26. Qf3 Nf4 27. g3 Ng6 28. d6 Rf8 29. Re7 Qc6 30. Bd5 Nxe7 31. dxe7 Qd7 32. exf8Q+ Rxf8 33. Bxb7 Qxh3 34. Bd5 Bxb2 35. Nd6 Kg7 36. Nf5+ Kh8 37. Bc4 Bf6 38. Bf1 g4 39. Qc6 1-0

[Event "Titled Tuesday intern op 04th Apr Early"]
[Site "Chess.com INT"]
[Date "2023.04.04"]
[Round "5"]
[White "Atanasov, Anthony"]
[Black "Mammadov, Zaur Fazahir Oglu"]
[Result "1-0"]
[WhiteElo "2368"]
[BlackElo "2380"]
[PlyCount "207"]
[EventDate "2023.04.04"]
[EventType "swiss (blitz)"]
[EventRounds "11"]
[EventCountry "USA"]
[SourceTitle "EXT 2024"]
[Source "ChessBase"]
[SourceDate "2023.10.10"]
[SourceVersion "1"]
[SourceVersionDate "2023.10.10"]
[SourceQuality "1"]

1. d4 d5 2. Bf4 c5 3. e3 cxd4 4. exd4 Nc6 5. Nf3 Bf5 6. c3 e6 7. Bd3 Bxd3 8. Qxd3 Bd6 9. Bxd6 Qxd6 10. 0-0 Nf6 11. Re1 0-0 12. Ne5 Rab8 13. a4 a6 14. Nd2 Ne7 15. a5 Nf5 16. h3 Rfc8 17. Qf3 Nd7 18. g4 Nh6 19. Nxd7 Qxd7 20. Qf4 Qc7 21. Qxc7 Rxc7 22. f4 Kf8 23. Re5 b6 24. f5 Rc6 25. Nf3 bxa5 26. Ra2 Ke7 27. fxe6 fxe6 28. Ne1 Nf7 29. Re2 Rb5 30. Nd3 Rcb6 31. Rf2 Ng5 32. Kg2 Ne4 33. Re2 g5 34. Nf2 Nxf2 35. Kxf2 h6 36. Kg2 Kd6 37. Rf2 Ke7 38. Re2 a4 39. Kg3 a3 40. Rxa3 Rxb2 41. Rxb2 Rxb2 42. Rxa6 Rc2 43. Rc6 Kf6 44. Rc8 Rd2 45. Rc7 Rd3+ 46. Kg2 Re3 47. Rc6 Kg6 48. Kf2 Re4 49. Kf3 h5 50. Kg3 h4+ 51. Kf3 Kf6 52. Rc7 Re1 53. Kg2 Re3 54. Rc8 Rg3+ 55. Kh2 Rd3 56. Kg2 Ke7 57. Rc6 Kd7 58. Rc5 Kd6 59. Rc8 e5 60. dxe5+ Kxe5 61. Re8+ Kf4 62. Rf8+ Ke3 63. Rf5 Rd2+ 64. Kg1 Ke4 65. Rxg5 Kf3 66. Re5 Rd3 67. Kh2 Rd2+ 68. Kg1 Rd1+ 69. Kh2 Rd3 70. g5 Rd2+ 71. Kg1 Kf4 72. Re7 Kxg5 73. Rd7 Rd3 74. Rd6 Kf4 75. Kg2 Rd2+ 76. Kg1 Kg3 77. Kf1 Kxh3 78. c4 Rd4 79. cxd5 Rf4+ 80. Kg1 Rg4+ 81. Kh1 Rd4 82. Kg1 Rd1+ 83. Kf2 Kh2 84. Rh6 h3 85. d6 Rd2+ 86. Kf3 Rd3+ 87. Kf2 Rd5 88. Kf3 Rd4 89. Kf2 Rf4+ 90. Ke3 Rf8 91. d7 Rd8 92. Rh7 Kg3 93. Rg7+ Kh4 94. Kf3 h2 95. Kg2 Kh5 96. Kxh2 Kh6 97. Re7 Kg6 98. Kg3 Rg8 99. Re8 Rg7 100. d8Q Kh7+ 101. Kf4 Rf7+ 102. Ke5 Rg7 103. Rh8+ Kg6 104. Qf6# 1-0

[Event "Titled Tuesday intern op 04th Apr Late"]
[Site "Chess.com INT"]
[Date "2023.04.04"]
[Round "3"]
[White "Loiacono, Leonardo"]
[Black "Mammadov, Zaur Fazahir Oglu"]
[Result "0-1"]
[WhiteElo "2303"]
[BlackElo "2380"]
[PlyCount "100"]
[EventDate "2023.04.04"]
[EventType "swiss (blitz)"]
[EventRounds "11"]
[EventCountry "USA"]
[SourceTitle "EXT 2024"]
[Source "ChessBase"]
[SourceDate "2023.10.10"]
[SourceVersion "1"]
[SourceVersionDate "2023.10.10"]
[SourceQuality "1"]

1. d4 d5 2. c4 dxc4 3. Nf3 Nf6 4. e3 e6 5. Bxc4 c5 6. 0-0 cxd4 7. exd4 Be7 8. Nc3 0-0 9. a3 Nc6 10. Bg5 b6 11. Re1 Bb7 12. Ba2 Rc8 13. Rc1 Qd6 14. d5 exd5 15. Nxd5 Rfd8 16. Nxe7+ Nxe7 17. Qxd6 Rxd6 18. Rxc8+ Nxc8 19. Ne5 Bd5 20. Bxd5 Rxd5 21. Bxf6 gxf6 22. Nc4 Kg7 23. Kf1 f5 24. f4 Rd4 25. Ne3 Rxf4+ 26. Ke2 Kg6 27. Rc1 Ne7 28. g3 Re4 29. Kf3 a5 30. h4 Kf6 31. Rc2 Re6 32. Ng2 Nc6 33. Rd2 Ne5+ 34. Kf2 Ng4+ 35. Kf3 a4 36. Nf4 Re3+ 37. Kg2 Rb3 38. Re2 Ne3+ 39. Kh3 Nc4 40. Rc2 Nxb2 41. Rc6+ Ke5 42. Rc7 Rxa3 43. Rxf7 Rb3 44. Ra7 a3 45. h5 b5 46. h6 Na4 47. Rxh7 a2 48. Re7+ Kd6 49. Re6+ Kd7 50. Re1 Rb1 0-1

[Event "Titled Tuesday intern op 04th Apr Late"]
[Site "Chess.com INT"]
[Date "2023.04.04"]
[Round "4"]
[White "Mammadov, Zaur Fazahir Oglu"]
[Black "Maghsoodloo, Parham"]
[Result "0-1"]
[WhiteElo "2380"]
[BlackElo "2730"]
[PlyCount "84"]
[EventDate "2023.04.04"]
[EventType "swiss (blitz)"]
[EventRounds "11"]
[EventCountry "USA"]
[SourceTitle "EXT 2024"]
[Source "ChessBase"]
[SourceDate "2023.10.10"]
[SourceVersion "1"]
[SourceVersionDate "2023.10.10"]
[SourceQuality "1"]

1. e4 c5 2. c3 d5 3. exd5 Qxd5 4. d4 Nc6 5. Nf3 Nf6 6. dxc5 Qxd1+ 7. Kxd1 Bg4 8. b4 a5 9. Bb5 axb4 10. Bxc6+ bxc6 11. cxb4 Nd5 12. Bd2 g6 13. a3 Bg7 14. Ra2 Be6 15. Rc2 Bf5 16. Re1 0-0 17. Ne5 Bxe5 18. Rxe5 Bxc2+ 19. Kxc2 f6 20. Re2 e5 21. Kb3 Rfd8 22. a4 Nc7 23. Bc3 Ne6 24. a5 Rab8 25. Kc4 Nd4 26. Rd2 Nb5 27. Bb2 Kf7 28. Rd3 Rxd3 29. Kxd3 Ke6 30. Kc4 Rd8 31. Na3 Nxa3+ 32. Bxa3 Kd7 33. Bb2 Kc7 34. Bc3 Rd1 35. f4 e4 36. b5 e3 37. b6+ Kb7 38. Bxf6 e2 39. Bh4 e1Q 40. Bxe1 Rxe1 41. Kd4 h5 42. Kd3 h4 0-1

[Event "Titled Tuesday intern op 28th Mar Late"]
[Site "Chess.com INT"]
[Date "2023.03.28"]
[Round "9"]
[White "Bluebaum, Matthias"]
[Black "Mammadov, Zaur Fazahir Oglu"]
[Result "0-1"]
[WhiteElo "2661"]
[BlackElo "2380"]
[PlyCount "58"]
[EventDate "2023.03.28"]
[EventType "swiss (blitz)"]
[EventRounds "11"]
[EventCountry "USA"]
[SourceTitle "EXT 2024"]
[Source "ChessBase"]
[SourceDate "2023.10.10"]
[SourceVersion "1"]
[SourceVersionDate "2023.10.10"]
[SourceQuality "1"]

1. d4 d5 2. c4 dxc4 3. e4 e5 4. Nf3 exd4 5. Bxc4 Nc6 6. 0-0 Be6 7. Nbd2 Qd7 8. a3 Bd6 9. b4 a6 10. Qb3 Nge7 11. Re1 Ng6 12. Bb2 0-0 13. Bxe6 fxe6 14. Nc4 Kh8 15. e5 Be7 16. Rad1 Nf4 17. Nxd4 Nxd4 18. Rxd4 Qc6 19. Ne3 Rad8 20. Rc4 Qb6 21. Qc2 Nd3 22. Rf1 Nxf2 23. Qe2 Bg5 24. Bc1 Nd1 25. Rxf8+ Rxf8 26. Qxd1 Bxe3+ 27. Kh1 Qb5 28. Qe2 Bxc1 29. Rf4 Rxf4 0-1

[Event "Titled Tuesday intern op 28th Mar Late"]
[Site "Chess.com INT"]
[Date "2023.03.28"]
[Round "11"]
[White "Korchmar, Vasiliy"]
[Black "Mammadov, Zaur Fazahir Oglu"]
[Result "1/2-1/2"]
[WhiteElo "2438"]
[BlackElo "2380"]
[PlyCount "61"]
[EventDate "2023.03.28"]
[EventType "swiss (blitz)"]
[EventRounds "11"]
[EventCountry "USA"]
[SourceTitle "EXT 2024"]
[Source "ChessBase"]
[SourceDate "2023.10.10"]
[SourceVersion "1"]
[SourceVersionDate "2023.10.10"]
[SourceQuality "1"]

1. e4 e6 2. d4 d5 3. e5 c5 4. c3 Nc6 5. Nf3 Qb6 6. Be2 Nh6 7. Bxh6 gxh6 8. Qd2 Bg7 9. Na3 0-0 10. 0-0 cxd4 11. cxd4 f6 12. exf6 Bxf6 13. Rad1 Bg7 14. Bb5 Rxf3 15. gxf3 Nxd4 16. Qe3 e5 17. Kh1 Bf5 18. Bd3 Rf8 19. Bxf5 Rxf5 20. Rg1 Kh8 21. Rg3 Qxb2 22. Rdg1 Rg5 23. Rxg5 hxg5 24. Qxg5 Ne6 25. Qe7 Qxf2 26. Rxg7 Qxf3+ 27. Rg2 Qf1+ 28. Rg1 Qf3+ 29. Rg2 Qf1+ 30. Rg1 Qf3+ 31. Rg2 1/2-1/2

[Event "Titled Tuesday intern op 28th Mar Late"]
[Site "Chess.com INT"]
[Date "2023.03.28"]
[Round "2"]
[White "Mammadov, Zaur Fazahir Oglu"]
[Black "Delorme, Axel"]
[Result "1-0"]
[WhiteElo "2380"]
[BlackElo "2483"]
[PlyCount "47"]
[EventDate "2023.03.28"]
[EventType "swiss (blitz)"]
[EventRounds "11"]
[EventCountry "USA"]
[SourceTitle "EXT 2024"]
[Source "ChessBase"]
[SourceDate "2023.10.10"]
[SourceVersion "1"]
[SourceVersionDate "2023.10.10"]
[SourceQuality "1"]

1. e4 c5 2. c3 d5 3. exd5 Qxd5 4. d4 Nf6 5. Nf3 e6 6. Bd3 Be7 7. 0-0 0-0 8. c4 Qd8 9. dxc5 Bxc5 10. Nc3 h6 11. a3 b6 12. b4 Be7 13. Bb2 Bb7 14. Qe2 Nbd7 15. Rad1 a5 16. b5 Bxf3 17. gxf3 Qc7 18. Kh1 Ne5 19. Nd5 exd5 20. Bxe5 Qc5 21. Rg1 dxc4 22. Rxg7+ Kxg7 23. Rg1+ Kh8 24. Qd2 1-0

[Event "Titled Tuesday intern op 28th Mar Late"]
[Site "Chess.com INT"]
[Date "2023.03.28"]
[Round "1"]
[White "Olsson, William"]
[Black "Mammadov, Zaur Fazahir Oglu"]
[Result "1-0"]
[WhiteElo "2361"]
[BlackElo "2380"]
[PlyCount "69"]
[EventDate "2023.03.28"]
[EventType "swiss (blitz)"]
[EventRounds "11"]
[EventCountry "USA"]
[SourceTitle "EXT 2024"]
[Source "ChessBase"]
[SourceDate "2023.10.10"]
[SourceVersion "1"]
[SourceVersionDate "2023.10.10"]
[SourceQuality "1"]

1. c4 c6 2. g3 d5 3. Nf3 Nf6 4. Bg2 g6 5. 0-0 Bg7 6. d3 0-0 7. Qc2 a5 8. Nc3 Na6 9. a3 dxc4 10. dxc4 Nc5 11. Rd1 Qb6 12. Be3 Qb3 13. Qc1 Nfe4 14. Nd4 Bxd4 15. Bxd4 Nxc3 16. Bxc3 Qxc4 17. Qe3 Ne6 18. Rac1 Qb5 19. Bh3 Qh5 20. Bg2 f6 21. b4 axb4 22. Bxb4 Kf7 23. Qb3 Re8 24. e4 Kg7 25. Re1 Nd4 26. Qc3 Ne2+ 27. Rxe2 Qxe2 28. Re1 Qb5 29. e5 f5 30. e6+ Kg8 31. Bf1 Qb6 32. Bc5 Qc7 33. Bc4 b6 34. Bd4 b5 35. Bh8 1-0

[Event "Titled Tuesday intern op 28th Mar Late"]
[Site "Chess.com INT"]
[Date "2023.03.28"]
[Round "3"]
[White "Sohal, Tanraj"]
[Black "Mammadov, Zaur Fazahir Oglu"]
[Result "0-1"]
[WhiteElo "2234"]
[BlackElo "2380"]
[PlyCount "114"]
[EventDate "2023.03.28"]
[EventType "swiss (blitz)"]
[EventRounds "11"]
[EventCountry "USA"]
[SourceTitle "EXT 2024"]
[Source "ChessBase"]
[SourceDate "2023.10.10"]
[SourceVersion "1"]
[SourceVersionDate "2023.10.10"]
[SourceQuality "1"]

1. e4 e6 2. d4 d5 3. exd5 exd5 4. Nf3 Nc6 5. Bd3 Bg4 6. c3 Bd6 7. h3 Bh5 8. Be3 Nge7 9. Nbd2 Qd7 10. Qc2 0-0-0 11. 0-0-0 Rde8 12. Kb1 Bg6 13. Rhe1 Bxd3 14. Qxd3 f6 15. Nb3 b6 16. Bc1 Kb7 17. Re2 Nf5 18. Rde1 Rxe2 19. Rxe2 h5 20. Na1 g5 21. Nc2 g4 22. Ng1 Rg8 23. hxg4 hxg4 24. Ne3 Nce7 25. Nxf5 Nxf5 26. Re1 Rh8 27. Ne2 Rh2 28. Rg1 Rh7 29. Bf4 Re7 30. Bxd6 Nxd6 31. Nc1 Qe8 32. Qd1 f5 33. Nd3 Re2 34. Re1 Rxe1 35. Qxe1 Qh5 36. Nf4 Qh2 37. Nxd5 Qxg2 38. Nf4 Qf3 39. Qe3 Qxe3 40. fxe3 Nc4 41. Ng2 Kc6 42. Kc2 Kd5 43. b3 Ke4 44. bxc4 Kf3 45. Nh4+ Kxe3 46. Nxf5+ Kf4 47. Nh4 g3 48. Kd2 Kg4 49. Ng2 Kf3 50. Ne1+ Kf2 51. Nd3+ Kf3 52. c5 bxc5 53. dxc5 Ke4 54. Ne1 Kd5 55. Ng2 Kxc5 56. Kd3 Kb5 57. Kd4 Ka4 0-1